00589nam a2200193Ia 4500003000900000008004100009040001600050080001300066100002600079245004800105260004000153300001000193650002200203650001800225650001900243942000700262999001500269952011100284IN-BaIIA211028s9999 xx 000 0 eng d cIIA Library aGENbNAG aNagendra, H.R.915422 2aA new light for asthmaticscH. R. Nagendra  aBangalorebVivekananda Kendrac1986 a272p. aAsthmatics915423 aGeneral99574 aNASA Thesaurus cBK c9186d9186 00104070aBANbBANcGENd0000-00-00g50.00l0oGEN/NAGp10091r2021-11-05v50.00w0000-00-00yBKGRs. 50